Colour image science: Exploiting digital media
Đã lưu trong:
| Príomhúdar: | |
|---|---|
| Formáid: | Leabhar |
| Teanga: | Undetermined |
| Foilsithe: |
Chichester, England
John Wiley and Sons
2002
|
| Ábhair: | |
| Clibeanna: |
Cuir Clib Leis
Gan Chlibeanna, Bí ar an gcéad duine leis an taifead seo a chlibeáil!
|
| Thư viện lưu trữ: | Trung tâm Học liệu Trường Đại học Cần Thơ |
|---|
| LEADER | 00563nam a2200181Ia 4500 | ||
|---|---|---|---|
| 001 | CTU_56374 | ||
| 008 | 210402s9999 xx 000 0 und d | ||
| 082 | |a 621.36'7 | ||
| 082 | |b C726 | ||
| 100 | |a Lindsay W. MacDonald | ||
| 245 | 0 | |a Colour image science: Exploiting digital media | |
| 245 | 0 | |c Edited by Lindsay W. MacDonald and M. Ronnier Luo | |
| 260 | |a Chichester, England | ||
| 260 | |b John Wiley and Sons | ||
| 260 | |c 2002 | ||
| 650 | |a image processing,color | ||
| 650 | |x digital techniques | ||
| 980 | |a Trung tâm Học liệu Trường Đại học Cần Thơ | ||